Statistics for Horror Movie Quiz

Click here to take the quiz!

General Stats

  • This quiz has been taken 47 times
  • The average score is 12 of 15

Answer Stats

HintAnswer% Correct
Michael MyersHalloween
100%
PennywiseIt
100%
Freddy KruegerNightmare on Elm Street
98%
ChuckyChild's Play
95%
Jason VoorheesFriday the 13
95%
JigsawSaw
95%
LeatherfaceTexas Chainsaw Massacre
95%
GhostfaceScream
93%
Carrie WhiteCarrie
91%
Jack TorrenceThe Shining
84%
Norman BatesPsycho
81%
PinheadHellraiser
79%
Jennifer CheckJennifer's Body
49%
Kevin Wendell CrumbSplit
28%
Red / AdelaideUs
28%

Score Distribution

Percentile by Number Answered

Percent of People with Each Score

Your Score History

You have not taken this quiz